Autonomías de España - Estadísticas

Estadísticas generales
  • Esta prueba ha sido intentada 109 veces
  • La puntuación promedio es 14 de 17
Estadísticas de respuestas
Respuesta % Correcto
Andalucía
100%
Cataluña
94%
Galicia
94%
Comunidad de Madrid
93%
País Vasco
93%
Castilla-La Mancha
91%
Castilla y León
87%
Comunidad Valenciana
85%
Extremadura
83%
Región de Murcia
83%
Islas Baleares
81%
Principado de Asturias
81%
Aragón
80%
Comunidad Floral de Navarra
78%
Canarias
76%
Cantabria
76%
La Rioja
67%
No se encontraron pruebas coincidentes
Distribución de puntuación
Porcentaje de gente con cada puntuación
Porcentaje por número respondido
Historial de tus puntuaciones
No has intentado esta prueba.